[Event "Abakan Khakassia-ch"]
[Site "Abakan"]
[Date "2014.02.27"]
[Round "6"]
[White "Chaptykov, Tahir"]
[Black "Kirillov, Pavel"]
[Result "0-1"]
[WhiteElo "2046"]
[BlackElo "2152"]
[PlyCount "66"]
[EventDate "2014.02.22"]
[EventType "swiss"]
[EventRounds "9"]
[EventCountry "RUS"]
[SourceTitle "CBM 159 Extra"]
[Source "ChessBase"]
[SourceDate "2014.04.24"]
[SourceVersion "1"]
[SourceVersionDate "2014.04.24"]
[SourceQuality "1"]

1. e4 c5 2. Nf3 Nc6 3. d4 cxd4 4. Nxd4 Nf6 5. Nc3 d6 6. Bc4 e6 7. Be3 Be7 8. 0-0 a6 9. a3 0-0 10. f3 Ne5 11. Be2 Qc7 12. Kh1 b5 13. f4 Nc4 14. Bc1 Bb7 15. Qd3 Rac8 16. Bf3 Rfd8 17. Nde2 d5 18. e5 Ne4 19. Nd1 Nc5 20. Qd4 f6 21. b3 fxe5 22. Qf2 Nb6 23. fxe5 Qxe5 24. Bb2 Qf5 25. b4 Ncd7 26. Nd4 Qg6 27. Bg4 Qxg4 28. Qf7+ Kh8 29. Ne3 Qg6 30. Qxe7 Re8 31. Qh4 e5 32. Ndf5 d4 33. Ng4 Rxc2 0-1

[Event "Abakan op"]
[Site "Abakan"]
[Date "2013.12.05"]
[Round "6"]
[White "Derevyagin, Valery"]
[Black "Chaptykov, Tahir"]
[Result "0-1"]
[WhiteElo "1997"]
[BlackElo "2068"]
[PlyCount "72"]
[EventDate "2013.11.30"]
[EventType "swiss"]
[EventRounds "9"]
[EventCountry "RUS"]
[SourceTitle "EXT 2015"]
[Source "ChessBase"]
[SourceDate "2014.11.20"]
[SourceVersion "1"]
[SourceVersionDate "2014.11.20"]
[SourceQuality "1"]

1. Nf3 d5 2. g3 Nf6 3. Bg2 c5 4. 0-0 Nc6 5. d3 e5 6. Nbd2 Be7 7. Re1 0-0 8. e4 d4 9. a4 Ne8 10. Nc4 f6 11. b3 Be6 12. Nfd2 Nd6 13. Rf1 a6 14. f4 b5 15. Nxd6 Qxd6 16. f5 Bf7 17. Qg4 Rfc8 18. Nf3 c4 19. Bh6 Bf8 20. axb5 axb5 21. bxc4 bxc4 22. Rxa8 Rxa8 23. h4 Kh8 24. Bc1 Ra2 25. Ne1 Nb4 26. Qd1 Qa6 27. g4 Ra1 28. g5 fxg5 29. hxg5 Na2 30. Qg4 Rxc1 31. g6 Bg8 32. dxc4 Bxc4 33. Qh4 h6 34. Nd3 Bxd3 35. cxd3 Rxf1+ 36. Bxf1 Qf6 0-1

[Event "Abakan op"]
[Site "Abakan"]
[Date "2013.12.04"]
[Round "5"]
[White "Chaptykov, Tahir"]
[Black "Prokhorov, Vladislav"]
[Result "0-1"]
[WhiteElo "2068"]
[BlackElo "1754"]
[PlyCount "66"]
[EventDate "2013.11.30"]
[EventType "swiss"]
[EventRounds "9"]
[EventCountry "RUS"]
[SourceTitle "EXT 2015"]
[Source "ChessBase"]
[SourceDate "2014.11.20"]
[SourceVersion "1"]
[SourceVersionDate "2014.11.20"]
[SourceQuality "1"]

1. e4 e6 2. d4 d5 3. Nd2 dxe4 4. Nxe4 Nd7 5. Nf3 Ngf6 6. Nxf6+ Nxf6 7. Bd3 Be7 8. 0-0 0-0 9. Ne5 c5 10. Be3 Qc7 11. h3 Nd5 12. Qh5 g6 13. Qf3 cxd4 14. Bxd4 Bf6 15. Rfe1 Bg7 16. c3 f6 17. Ng4 Nf4 18. Bc2 e5 19. Be3 Ne6 20. Bh6 f5 21. Bxg7 fxg4 22. Qxf8+ Nxf8 23. Bxe5 Qc6 24. hxg4 Bxg4 25. Re3 Nd7 26. Bd4 Nf6 27. b4 Nd5 28. Re5 Nf4 29. f3 Bxf3 30. gxf3 Qxf3 31. Be4 Ne2+ 32. Kh2 Qg3+ 33. Kh1 Qh3# 0-1

[Event "Abakan Sayany op"]
[Site "Abakan"]
[Date "2013.08.08"]
[Round "7"]
[White "Chaptykov, Tahir"]
[Black "Fadeev, Semen"]
[Result "1/2-1/2"]
[WhiteElo "2060"]
[BlackElo "2151"]
[PlyCount "91"]
[EventDate "2013.08.02"]
[EventType "swiss"]
[EventRounds "9"]
[EventCountry "RUS"]
[SourceTitle "CBM 155 Extra"]
[Source "ChessBase"]
[SourceDate "2013.08.26"]
[SourceVersion "1"]
[SourceVersionDate "2013.08.26"]
[SourceQuality "1"]

1. e4 e6 2. d4 d5 3. Nd2 Nf6 4. e5 Nfd7 5. f4 c5 6. c3 Nc6 7. Ndf3 Qb6 8. g3 cxd4 9. cxd4 Bb4+ 10. Kf2 g5 11. Nxg5 Qxd4+ 12. Qxd4 Nxd4 13. N5f3 Nc2 14. Rb1 Nc5 15. a3 Ne4+ 16. Kg2 Bc5 17. Bd3 Nd4 18. b4 Bb6 19. Nxd4 Bxd4 20. Nf3 Bb6 21. Bxe4 dxe4 22. Ng5 Bd7 23. Nxe4 Bc6 24. Re1 0-0-0 25. Kh3 Bxe4 26. Rxe4 Rd1 27. Rc4+ Kb8 28. Rb2 h5 29. Rd2 Re1 30. Rd7 h4 31. g4 Re2 32. g5 Bg1 33. Rd2 Re3+ 34. Kg2 Re1 35. Rdc2 h3+ 36. Kf3 Bb6 37. a4 Rf1+ 38. Ke4 Re1+ 39. Kd3 Rd8+ 40. Kc3 a5 41. b5 Rdd1 42. Kb3 Bd4 43. Bb2 Re3+ 44. Ka2 Bxb2 45. Kxb2 Ka7 46. Rc7 1/2-1/2

[Event "Abakan Sayany op"]
[Site "Abakan"]
[Date "2013.08.05"]
[Round "4"]
[White "Chaptykov, Tahir"]
[Black "Lukanov, Viktor"]
[Result "0-1"]
[WhiteElo "2060"]
[BlackElo "2192"]
[PlyCount "76"]
[EventDate "2013.08.02"]
[EventType "swiss"]
[EventRounds "9"]
[EventCountry "RUS"]
[SourceTitle "CBM 155 Extra"]
[Source "ChessBase"]
[SourceDate "2013.08.26"]
[SourceVersion "1"]
[SourceVersionDate "2013.08.26"]
[SourceQuality "1"]

1. e4 c5 2. Nf3 a6 3. Nc3 d6 4. d4 cxd4 5. Nxd4 Nf6 6. Bc4 e6 7. 0-0 Be7 8. Bb3 0-0 9. f4 Qc7 10. f5 e5 11. Nde2 Nbd7 12. Bg5 b5 13. a3 Bb7 14. Bxf6 Nxf6 15. Ng3 a5 16. Bd5 Bxd5 17. Nxd5 Nxd5 18. exd5 Rac8 19. c3 Qc4 20. Qf3 Bg5 21. Ne4 f6 22. Kh1 Rcd8 23. Rad1 Bf4 24. Rfe1 Rf7 25. Qf2 Rb7 26. Qc2 Qc8 27. g3 Bh6 28. g4 Bf4 29. b3 h5 30. h3 hxg4 31. hxg4 Kf7 32. Kg2 Qc7 33. Rh1 Rbb8 34. c4 bxc4 35. bxc4 Be3 36. g5 Bxg5 37. Nxg5+ fxg5 38. f6 Qd7 0-1